La Universidad Internacional de Verano de Santander (1932-1936) / (Record no. 188716)

MARC details
000 -LEADER
campo de control de longitud fija 01121nam a2200289 i 4500
001 - NÚMERO DE CONTROL
campo de control 188716
003 - IDENTIFICADOR DE NÚMERO DE CONTROL
campo de control ES-MaACL
005 - FECHA Y HORA DE LA ÚLTIMA TRANSACCIÓN
campo de control 20231223113240.0
008 - DATOS DE LONGITUD FIJA--INFORMACIÓN GENERAL
campo de control de longitud fija 190207s1999 sp ac |||| | spa d
020 ## - NÚMERO INTERNACIONAL ESTÁNDAR DEL LIBRO
Número Internacional Estándar del Libro 84-88703-11-2
080 ## - NÚMERO DE LA CLASIFICACIÓN DECIMAL UNIVERSAL
Número de la Clasificación Decimal Universal 378.4(460.13 S.)(091)
100 1# - ENTRADA PRINCIPAL--NOMBRE DE PERSONA
Nombre de persona Madariaga de la Campa, Benito.
9 (RLIN) 75296
245 13 - MENCIÓN DEL TÍTULO
Título La Universidad Internacional de Verano de Santander (1932-1936) /
Mención de responsabilidad, etc. Benito Madariaga de la Campa, Celia Valbuena Morán.
260 ## - PUBLICACIÓN, DISTRIBUCIÓN, ETC.
Lugar de publicación, distribución, etc. Santander :
Nombre del editor, distribuidor, etc. Universidad Internacional Menéndez Pelayo,
Fecha de publicación, distribución, etc. 1999.
300 ## - DESCRIPCIÓN FÍSICA
Extensión 269 p. :
Otras características físicas il. ;
Dimensiones 23 cm.
490 1# - MENCIÓN DE SERIE
Mención de serie Historia
500 ## - NOTA GENERAL
Nota general Apéndice documental.
500 ## - NOTA GENERAL
Nota general Índice onomástico.
610 24 - PUNTO DE ACCESO ADICIONAL DE MATERIA--NOMBRE DE ENTIDAD CORPORATIVA
Nombre de entidad corporativa o nombre de jurisdicción como elemento de entrada Universidad Internacional Menéndez Pelayo-
Subdivisión de forma Historia.
9 (RLIN) 151528
700 1# - ENTRADA AGREGADA--NOMBRE PERSONAL
Nombre de persona Valbuena, Celia.
9 (RLIN) 166168
710 2# - ENTRADA AGREGADA--NOMBRE DE ENTIDAD CORPORATIVA
Nombre de entidad corporativa o nombre de jurisdicción como elemento de entrada Universidad Internacional Menéndez Pelayo.
9 (RLIN) 7384
830 1# - PUNTO DE ACCESO ADICIONAL DE SERIE-TÍTULO UNIFORME
Título uniforme Historia
9 (RLIN) 177536
852 4# - LOCALIZACIÓN
Ubicación ES-MaACL
Número de control de estantería A-14325
itemnumber 195850
Sublocalización o colección R.151562
Ubicación en estantería Depósito 1
Signatura antigua Olim: N-7325
Donativo/Legado Donación: Miguel Ángel Roncero Peralta
903 ## - NOMBRE PERSONAL DE DONANTE
9 234659
a Roncero Peralta, Miguel Ángel
e Donante
942 ## - ELEMENTOS DE ENTRADA SECUNDARIOS (KOHA)
Fuente del sistema de clasificación o colocación Clasificación decimal universal
Tipo de ítem Koha Libro impreso
Holdings
Estatus retirado Estado de pérdida Fuente del sistema de clasificación o colocación Estado de daño No para préstamo Biblioteca de origen Biblioteca actual Ubicación en estantería Fecha de adquisición Fuente de adquisición Total de préstamos Signatura topográfica completa Código de barras Visto por última vez Precio de reemplazo Tipo de ítem Koha
    Clasificación decimal universal     Biblioteca del Ateneo de Madrid Biblioteca del Ateneo de Madrid Depósito 1 07/02/2019 Donación   A-14325 1199832 23/02/2023 23/02/2023 Libro impreso